000
00271 a2200121 4500
245
_a
Mother
_h
Text
100
_a
Gorky,Maxim
650
_a
ENGLISH LITERATURE
005
20191021095309.0
260
_a
Russia
_b
Progress
_c
1949
041
_a
English
084
_a
PZ3G678MD
999
_c
12065
_d
12065